| 000 | 00860nam a2200253 i 4500 | ||
|---|---|---|---|
| 001 | 186331 | ||
| 003 | SpMaBN | ||
| 005 | 20251011063202.0 | ||
| 008 | 161025s1984 sp a |||| |dspa d | ||
| 020 | _a84-376-0489-3 | ||
| 080 | _a821.134.2-96"15" | ||
| 100 | 0 |
_aGuevara, Antonio de, _dca. 1480-1545 _960606 |
|
| 245 | 1 | 0 |
_aMenosprecio de corte y alabanza de aldea _b; Arte de marear / _cAntonio de Guevara ; edición de Asunción Rallo Gruss. |
| 246 | 1 | 0 | _aArte de marear |
| 260 |
_aMadrid : _bCátedra, _c[1984] |
||
| 300 |
_a368 p. : _bil. ; _c18 cm. |
||
| 490 | 1 |
_aLetras hispánicas ; _v213 |
|
| 504 | _aBibliografía: p. 93-94. | ||
| 700 | 1 |
_aRallo Gruss, Asunción. _995054 |
|
| 830 | 0 | 0 |
_aLetras hispánicas ; _v213 _9235703 |
| 852 |
_aES-MaACL _jL-30691 _z. - Donat. Miguel A. Velasco |
||
| 942 | _2udc | ||
| 999 |
_c186331 _d186331 |
||